[Event "TCh-CZE 2010-11"]
[Site "Czech Rep CZE"]
[Date "2011.03.06"]
[Round "9.8"]
[White "Skliba,M"]
[Black "Sharashenidze,A"]
[Result "0-1"]
[WhiteElo "2305"]
[BlackElo "2285"]

1.d4 d5 2.c4 c6 3.Nf3 e6 4.e3 Nf6 5.Nc3 Bd6 6.Qc2 Nbd7 7.Be2 dxc4 8.Bxc4 e5
9.O-O O-O 10.Bb3 Qe7 11.Bd2 e4 12.Ng5 Bxh2+ 13.Kxh2 Ng4+ 14.Kg1 Qxg5 15.Qxe4 Nb6
16.Qf3 Nf6 17.Rad1 Qh4 18.Rc1 Be6 19.Bxe6 fxe6 20.g3 Qg5 21.Qe2 Qf5 22.Kg2 Nbd5
23.Na4 e5 24.dxe5 Qxe5 25.Nc3 Nxc3 26.Bxc3 Qd5+ 27.Kg1 Qxa2 28.Bd4 Qe6 29.Qc4 Nd5
30.Bc5 Rf6 31.Kg2 Rh6 32.Rh1 Rxh1 33.Kxh1 b5 34.Qh4 Nf6 35.Bd4 Ne4 36.f3 Nd2
37.Qg4 Qxg4 38.fxg4 Nc4 39.Kg2 a6 40.Kf2 Rc8 41.b4 a5 42.bxa5 c5 43.Bc3 b4
44.Be1 Nxa5 45.Ke2 Rc6 46.Ra1 Nc4 47.Kd3 Nb6 48.e4 Rd6+ 49.Kc2 Rd4 50.Bf2 Rxe4  0-1

[Event "Barcelo Lancashire Open"]
[Site "Blackpool ENG"]
[Date "2011.03.11"]
[Round "1"]
[White "Cooper,L"]
[Black "Ottosen,D"]
[Result "1-0"]
[WhiteElo "2316"]
[BlackElo "2133"]

1.d4 d5 2.Nf3 c6 3.c4 e6 4.e3 Nf6 5.Nc3 Nbd7 6.Qc2 Bd6 7.Be2 O-O 8.O-O Re8
9.e4 dxe4 10.Nxe4 Nxe4 11.Qxe4 e5 12.Bg5 exd4 13.Qxd4 Qc7 14.Rfe1 Ne5 15.Bf4 Bf5
16.Bg3 Nxf3+ 17.Bxf3 Bxg3 18.hxg3 Be6 19.b3 a6 20.Rad1 Qa5 21.Qb2 Rad8 22.b4 Qa4
23.Be2 b5 24.cxb5 cxb5 25.a3 Qb3 26.Qxb3 Bxb3 27.Rxd8 Rxd8 28.Rc1 g6 29.Rc6 Ra8
30.Bf3 Ra7 31.Rb6 Bc4 32.Rb7 Ra8 33.Rxf7 Kxf7 34.Bxa8 Ke6 35.Bb7 Ke5 36.f4+ Kd4
37.Kf2 Kc3 38.Ke3 Kb3 39.Kd4 Kxa3 40.Kc5 h5 41.Bxa6 Ka4 42.Bb7  1-0

[Event "Barcelo Lancashire Open"]
[Site "Blackpool ENG"]
[Date "2011.03.11"]
[Round "1"]
[White "Lilley,G"]
[Black "Ashton,A"]
[Result "0-1"]
[WhiteElo "2081"]
[BlackElo "2344"]

1.d4 d5 2.c4 e6 3.Nf3 c6 4.e3 Nf6 5.Nc3 Nbd7 6.Bd3 dxc4 7.Bxc4 b5 8.Bd3 Bd6
9.O-O O-O 10.e4 e5 11.dxe5 Nxe5 12.Nxe5 Bxe5 13.h3 Re8 14.Be3 Bb7 15.Qc2 Qe7
16.Rae1 a6 17.Nd1 Bd6 18.Bd2 c5 19.e5 Bxe5 20.Bg5 h6 21.Bxf6 Qxf6 22.Qxc5 Qf4
23.Rxe5 Rxe5 24.Qb6 Bxg2 25.Kxg2 Rg5+ 26.Kh1 Qf3+  0-1

[Event "ch-RUS U20 w"]
[Site "St Petersburg RUS"]
[Date "2011.03.11"]
[Round "7"]
[White "Savina,A"]
[Black "Pustovoitova,D"]
[Result "1/2-1/2"]
[WhiteElo "2383"]
[BlackElo "2333"]

1.d4 d5 2.c4 e6 3.Nc3 c6 4.e3 Nf6 5.Nf3 Nbd7 6.Qc2 Bd6 7.Bd3 O-O 8.O-O dxc4
9.Bxc4 a6 10.Rd1 b5 11.Be2 Qc7 12.Ne4 Nxe4 13.Qxe4 Nf6 14.Qh4 c5 15.e4 cxd4
16.Bh6 Ne8 17.e5 Be7 18.Bg5 f6 19.Rac1 Qb6 20.Bd3 g6 21.Bh6 Rf7 22.Qxd4 Qxd4
23.Nxd4 Bb7 24.Nxe6 fxe5 25.Bc2 Nd6 26.Nc5 Bc6 27.Bb3 Nc4 28.Bxc4 bxc4 29.Rxc4 Rd8
30.Rxd8+ Bxd8 31.h3 Bb5 32.Re4 Bf6 33.Re1 Rc7 34.Ne4 Kf7 35.Nd6+ Ke6 36.Nxb5 axb5
37.Rc1 Ra7 38.Rc6+ Kf7 39.Rb6 Rxa2 40.Rxb5 e4 41.b4 Bd4 42.Be3 Ra1+ 43.Kh2 Bxe3
44.fxe3 Re1 45.Rb7+ Ke6 46.Kg3 Rxe3+ 47.Kf4 Re2 48.g4 h6 49.Rb6+ Kf7 50.Ke5 e3
51.Rb7+ Kf8 52.Rb8+ Kf7 53.Rb7+ Kf8 54.Kd4 Re1 55.Kd3 e2 56.b5 Rh1 57.Kxe2 Rxh3
58.b6 Rb3 59.Kd2 h5 60.Kc2 Rb5 61.gxh5 gxh5 62.Kc3 Ke8 63.Kc4 Rb1 64.Rb8+ Kd7
65.Kc5 h4 66.Rh8 h3 67.Rxh3 Kc8 68.Rh8+ Kb7 69.Rh7+ Kb8 70.Rh5 Kb7 71.Rh7+ Kb8
72.Rh6 Rc1+ 73.Kd6 Rd1+ 74.Kc6  1/2-1/2

[Event "ch-PriFO A"]
[Site "Tolyatti RUS"]
[Date "2011.03.11"]
[Round "2.9"]
[White "Palachev,P"]
[Black "Shinkevich,V"]
[Result "1/2-1/2"]
[WhiteElo "2193"]
[BlackElo "2520"]

1.d4 d5 2.c4 e6 3.Nf3 c6 4.e3 Nf6 5.Nc3 Nbd7 6.Bd3 dxc4 7.Bxc4 b5 8.Bd3 Bd6
9.a3 O-O 10.O-O a5 11.Qc2 Bb7 12.e4 e5 13.dxe5 Nxe5 14.Nxe5 Bxe5 15.h3 Re8
16.Be3 h6 17.Ne2 c5 18.Bxb5 Bxe4 19.Qxc5 Rc8 20.Qb6 Nd5 21.Qxd8 Rexd8 22.Bd4 Bxd4
23.Nxd4 Nf4 24.Ne2 Nxe2+ 25.Bxe2 Rc2 26.Bb5 Rxb2 27.a4 Bc2 28.Rfe1 Rd2 29.Re8+ Kh7
30.Re7 Bb3 31.Rf1 Rd4 32.Ra7 Bxa4 33.Bxa4 Rxa4 34.Rxf7 Kg6 35.Rf8 Rab4 36.Re1 Rb1
37.Rxb1 Rxb1+ 38.Kh2 a4 39.Ra8 Rb4 40.g4  1/2-1/2

[Event "ch-Southern FR Men"]
[Site "Armavir RUS"]
[Date "2011.03.12"]
[Round "1"]
[White "Bedia,M"]
[Black "Karapetian,Ar"]
[Result "1-0"]
[WhiteElo "2513"]
[BlackElo "2056"]

1.d4 d5 2.c4 c6 3.Nf3 Nf6 4.Nc3 e6 5.e3 Nbd7 6.Qc2 dxc4 7.Bxc4 b5 8.Bd3 Bd6
9.a4 b4 10.Ne4 Qc7 11.Nxd6+ Qxd6 12.O-O a5 13.e4 Qc7 14.e5 Nd5 15.Bxh7 Bb7
16.Ng5 Nf8 17.Bd3 Rc8 18.Ne4 Rd8 19.f4 Qb6 20.Qc5 Qxc5 21.Nxc5 Ba8 22.Bd2 Nc7
23.Nb3 Ke7 24.Rfc1 Ng6 25.Rc4 Nd5 26.Bxg6 fxg6 27.Nxa5 Nb6 28.Bxb4+ Kf7 29.Bc5 Nxc4
30.Nxc4 Rb8 31.Nd6+ Kg8 32.b4 Kh7 33.Nf7 Rhe8 34.a5 Kg8 35.Nd6 Red8 36.a6 Rd7
37.h4 Kh7 38.Kf2 Kg8 39.Kg3 Kh7 40.Ra3 Kg8 41.Kg4 Kh8 42.Kg5 Kh7 43.Rh3 Rf8
44.g4 Rh8 45.h5 Kg8 46.Kxg6 Rh6+ 47.Kg5 Rd8 48.f5 exf5 49.gxf5  1-0

[Event "TCh-FIN 2010-11"]
[Site "Helsinki FIN"]
[Date "2011.03.12"]
[Round "8.1"]
[White "Norri,J"]
[Black "Nyback,T"]
[Result "1/2-1/2"]
[WhiteElo "2330"]
[BlackElo "2635"]

1.d4 d5 2.c4 c6 3.Nf3 Nf6 4.Nc3 e6 5.e3 Nbd7 6.Bd3 dxc4 7.Bxc4 b5 8.Bd3 Bd6
9.O-O O-O 10.Qc2 Bb7 11.a3 a6 12.Ng5 Bxh2+ 13.Kxh2 Ng4+ 14.Kg1 Qxg5 15.f3 Ngf6
16.e4 Qh4 17.Be3 e5 18.Ne2 Nh5 19.Qd2 h6 20.Rfd1 exd4 21.Bf2 Qg5 22.Nxd4 Qxd2
23.Rxd2 Ne5 24.Bf1 Rfd8 25.Rad1 Rd7 26.Nb3 Rxd2 27.Rxd2 Re8 28.Rd6 Nf4 29.Bd4 Nfg6
30.Nc5 Bc8 31.Bxe5 Nxe5 32.f4 Ng6 33.g3 Ne7 34.Bg2 f6 35.e5 fxe5 36.fxe5 Kf7
37.b4 Bf5 38.e6+ Kf6 39.Bxc6 Nxc6 40.Rxc6 Bxe6 41.Rxa6 Kf5 42.Nxe6 Rxe6 43.Ra7 g5
44.a4 Re3 45.axb5 Rxg3+ 46.Kf2 Rb3 47.Ra4 Ke5 48.b6 Kd6 49.Ra6 h5 50.Ra5 Rxb4  1/2-1/2

[Event "TCh-SVK Extraliga 2010-11"]
[Site "Slovakia SVK"]
[Date "2011.03.12"]
[Round "7.8"]
[White "Svana,P"]
[Black "Podoba,M"]
[Result "0-1"]
[WhiteElo "2227"]
[BlackElo "2167"]

1.Nf3 Nf6 2.c4 c6 3.Nc3 d5 4.d4 e6 5.e3 Nbd7 6.Qc2 Bd6 7.g4 dxc4 8.g5 Nd5
9.Bxc4 O-O 10.Bd2 Qe7 11.e4 Nxc3 12.Qxc3 e5 13.O-O-O b5 14.Bb3 c5 15.dxe5 Nxe5
16.Bd5 Bg4 17.Nh4 Rac8 18.Nf5 Bxf5 19.exf5 c4 20.f6 Nd3+ 21.Kb1 Qe5 22.fxg7 Rfd8
23.Bb7 Rb8 24.Qxe5 Bxe5 25.Ba5 Re8 26.Bc6 Re6 27.f4 Bxf4 28.Bd5 Re5 29.Bc6 Rc5
30.Be4 b4 31.Rhf1 Bxg5 32.Rf5 Rxf5 33.Bxf5 Rb5 34.Bxd3 cxd3 35.Bc7 d2 36.Bd6 Rb6
37.Be7 Bxe7 38.Rxd2 Rd6 39.Re2 Bf6 40.Re8+ Kxg7 41.Rb8 a5 42.Rb5 Rd2  0-1

[Event "ch-RUS U20"]
[Site "St Petersburg RUS"]
[Date "2011.03.12"]
[Round "8"]
[White "Shimanov,A"]
[Black "Belous,V"]
[Result "1/2-1/2"]
[WhiteElo "2550"]
[BlackElo "2524"]

1.d4 d5 2.c4 c6 3.Nc3 Nf6 4.e3 e6 5.Nf3 Nbd7 6.Qc2 Bd6 7.Bd3 dxc4 8.Bxc4 O-O
9.O-O a6 10.Rd1 Qe7 11.Ne4 Nxe4 12.Qxe4 e5 13.dxe5 Nxe5 14.Nxe5 Qxe5 15.Qxe5 Bxe5
16.e4 Be6 17.Bxe6 fxe6 18.Bg5 h6 19.Be7 Rf4 20.f3 Bxb2 21.Rab1 Rf7 22.Rxb2 Rxe7
23.Rdb1 Ra7 24.Kf2 Rd7 25.Ke3 Kf7 26.Rb6 Ke7 27.f4 Kd6 28.a4 a5 29.g4 g6
30.h4 Kc5 31.g5 hxg5 32.hxg5 Rh7 33.f5 exf5 34.exf5 gxf5 35.Kf4 Rh4+ 36.Kxf5 Rb4
37.R6xb4 axb4 38.g6 Rxa4 39.g7 Ra8 40.Ke4 Rg8 41.Rg1 Kc4 42.Ke3 Kc3 43.Rc1+ Kb2
44.Rg1 c5 45.Kd3 b5 46.Rg2+ Ka3 47.Rg5 c4+ 48.Kc2 b3+ 49.Kc3 Ka4 50.Rg2 Ka3
51.Rg5 b4+ 52.Kxc4 Ka4 53.Rg2 Ka3 54.Rg3 Ka4 55.Rg2 Rc8+ 56.Kd4  1/2-1/2

[Event "ch-PriFO A"]
[Site "Tolyatti RUS"]
[Date "2011.03.12"]
[Round "3.28"]
[White "Iliushkin,E"]
[Black "Sanzhaev,D"]
[Result "1/2-1/2"]
[WhiteElo "2282"]
[BlackElo "2170"]

1.d4 d5 2.c4 e6 3.Nf3 c6 4.e3 Nf6 5.Nc3 Nbd7 6.Qc2 Bd6 7.b3 O-O 8.Be2 b6
9.O-O Bb7 10.e4 dxe4 11.Nxe4 Nxe4 12.Qxe4 Nf6 13.Qh4 c5 14.dxc5 Bxc5 15.Rd1 Qe7
16.Bb2 Rad8 17.Ne5 Rfe8 18.Bf3 Ne4 19.Qxe7 Bxe7 20.Re1 f5 21.Bxe4 Bxe4 22.f3 Bb7
23.Red1 Bf6 24.Kf2 g5 25.Ke2 g4 26.Rab1 Bg7 27.fxg4 Be4 28.Rxd8 Rxd8 29.Rd1 Rxd1
30.Kxd1 Bxg2 31.gxf5 exf5 32.Bd4 Bf8 33.a4 Bb4 34.Ke2 Be4 35.Ke3 Kf8 36.c5 bxc5
37.Nd7+ Ke7 38.Bxc5+ Bxc5+ 39.Nxc5 Bc2 40.b4 Kd6 41.Kd4 f4 42.Ne4+ Kc6 43.Nc3 Bg6
44.b5+ Kd6 45.a5 f3  1/2-1/2

[Event "ch-NCA 2011"]
[Site "Managua NCA"]
[Date "2011.03.13"]
[Round "6.6"]
[White "Carranza,I"]
[Black "Lacayo,R"]
[Result "1/2-1/2"]
[WhiteElo "2069"]
[BlackElo "2250"]

1.d4 Nf6 2.c4 e6 3.Nc3 d5 4.e3 c6 5.Nf3 Nbd7 6.b3 Bd6 7.Bd3 dxc4 8.bxc4 e5
9.O-O O-O 10.Qc2 Qe7 11.Bb2 Re8 12.Ne4 Nxe4 13.Bxe4 g6 14.Nd2 Nf6 15.f3 Nh5
16.Rae1 Qh4 17.dxe5 Bxe5 18.Bxe5 Rxe5 19.f4 Re8 20.Nf3 Qe7 21.Bd3 Qc5 22.Qf2 Bf5
23.Bxf5 Qxf5 24.Ne5 Nf6 25.Qf3 Rad8 26.g4 Qe6 27.g5 Nh5 28.Ng4 Qe4 29.Nh6+ Kg7
30.Qf2 Rd3 31.Qb2+ f6 32.Ng4 Qe6 33.gxf6+ Nxf6 34.Ne5 Rd6 35.Qxb7+ Re7 36.Qb2 Kg8
37.c5 Rd5 38.Qb8+ Kg7 39.Qb2 Rxc5 40.Rf2 Rd5 41.Rg2 Rd8 42.Rc1 Rc7 43.h4 Kg8
44.Qb3 Qd5 45.Rxc6 Rxc6 46.Qxd5+ Nxd5 47.Nxc6 Rd6 48.Rd2 Rxc6 49.Rxd5 Rc1+
50.Kf2 Rc2+ 51.Kf3 Rxa2 52.Rd7 h5 53.Ke4 Rh2 54.Ke5 Rxh4 55.Rxa7 Rg4 56.Kf6 h4
57.Ra8+ Kh7 58.Ra7+ Kh6 59.Ra8 Kh7  1/2-1/2

[Event "ch-NCA 2011"]
[Site "Managua NCA"]
[Date "2011.03.13"]
[Round "6.2"]
[White "Bravo,Will"]
[Black "Flores,Man"]
[Result "1-0"]
[WhiteElo "2243"]
[BlackElo "2012"]

1.d4 d5 2.c4 e6 3.Nf3 Nf6 4.Nc3 c6 5.e3 Nbd7 6.Bd3 Bd6 7.O-O O-O 8.e4 dxe4
9.Nxe4 Qc7 10.Nxd6 Qxd6 11.b3 b6 12.Bb2 Qf4 13.Ne5 Nxe5 14.dxe5 Nd7 15.g3 Qg5
16.Be4 Nb8 17.Qf3 Bd7 18.Rad1 Rc8 19.Rd6 Be8 20.Rfd1 Na6 21.Bb1 c5 22.Be4 Rab8
23.Bb7 Nb4 24.Bxc8 Rxc8 25.Qb7  1-0

[Event "ch-PriFO A"]
[Site "Tolyatti RUS"]
[Date "2011.03.13"]
[Round "4.17"]
[White "Palachev,P"]
[Black "Filipenko,A"]
[Result "0-1"]
[WhiteElo "2193"]
[BlackElo "2344"]

1.d4 d5 2.c4 e6 3.Nf3 Nf6 4.Nc3 c6 5.e3 Nbd7 6.Bd3 dxc4 7.Bxc4 b5 8.Bd3 b4
9.Ne4 Nxe4 10.Bxe4 Bb7 11.O-O Bd6 12.a3 a5 13.Qc2 f5 14.Bd3 c5 15.e4 O-O
16.Ng5 cxd4 17.Nxe6 Qh4 18.g3 Qh3 19.Qc4 Kh8 20.Qxd4 Ne5 21.f4 fxe4 22.Ng5 Qc8
23.Nxe4 Bb8 24.axb4 Ba7 25.Nc5 Nxd3 26.Qxd3 Qc6 27.Kf2 Rad8 28.Qb3 Qg2+ 29.Ke1 Rfe8+
30.Ne6 Qe4+  0-1

[Event "ch-Southern FR Men"]
[Site "Armavir RUS"]
[Date "2011.03.14"]
[Round "3"]
[White "Evdokimov,Alexa"]
[Black "Gorkavij,V"]
[Result "1-0"]
[WhiteElo "2553"]
[BlackElo "2370"]

1.d4 d5 2.c4 c6 3.Nf3 Nf6 4.Nc3 e6 5.e3 Nbd7 6.Bd3 dxc4 7.Bxc4 b5 8.Bd3 a6
9.e4 c5 10.d5 c4 11.Bc2 Bb7 12.dxe6 fxe6 13.O-O Qc7 14.Ne2 Rd8 15.Ned4 Nc5
16.e5 Bxf3 17.Qxf3 Rxd4 18.exf6 gxf6 19.Be3 Rh4 20.g3 Rg8 21.Qxf6 Be7 22.Qf3 Qb7
23.Qxb7 Nxb7 24.a4 b4 25.Rac1 Bc5 26.Rfe1 Ke7 27.Bf5 Bxe3 28.Rxe3 Nc5 29.Rd1 Rh5
30.Rd5 Rxf5 31.Rxf5 Nxa4 32.Ra5 Nxb2 33.Rxa6 c3 34.Rexe6+ Kf7 35.Rf6+ Kg7
36.Rfc6 Rf8 37.Kf1 Rf7 38.f4 Rd7 39.Rab6 Nd3 40.Ke2 Nc1+ 41.Ke3 Nd3 42.h4 Ne1
43.f5 Kf7 44.g4 Nd3 45.g5 Ne5 46.Rc8 Re7 47.Rf6+ Kg7 48.Re6 Kf7 49.Rxe7+ Kxe7
50.Ke4 Nf7 51.Kd5 Kd7 52.g6 hxg6 53.fxg6 Nd6 54.Rc5 Nf5 55.Ke4 Ng7 56.Kd5 Ne8
57.h5 Ke7 58.h6 Kf8 59.Rc8  1-0

[Event "SPICE Spring Invitational"]
[Site "Lubbock USA"]
[Date "2011.03.14"]
[Round "5"]
[White "Kuljasevic,D"]
[Black "Yang,Dar"]
[Result "1-0"]
[WhiteElo "2528"]
[BlackElo "2416"]

1.d4 d5 2.c4 e6 3.Nc3 c6 4.e3 Nf6 5.Nf3 Nbd7 6.Qc2 b6 7.Bd3 Be7 8.g4 dxc4
9.Bxc4 b5 10.Bd3 Bb7 11.g5 Nd5 12.Nxd5 cxd5 13.Bd2 Qb6 14.a4 bxa4 15.Qxa4 Bc6
16.Qa6 Bb7 17.Qxb6 axb6 18.Rxa8+ Bxa8 19.Ke2 Bd6 20.Ra1 Ke7 21.Bb5 Bb7 22.Ra7 Rb8
23.Ne1 e5 24.dxe5 Bxe5 25.Nd3 Bd6 26.f4 f6 27.gxf6+ gxf6 28.Nb4 Ke6 29.f5+ Ke7
30.Nxd5+ Kd8 31.Bc3 Be5 32.Bxd7 Bxc3 33.Nxc3 Kxd7 34.Nd5 Kc6 35.Nxf6 Rf8
36.Nd5 Kxd5 37.Rxb7 Kc6 38.Rxh7 Rxf5 39.Rh4  1-0

[Event "UT Dallas GM Invitational"]
[Site "Richardson USA"]
[Date "2011.03.15"]
[Round "7"]
[White "Wang Puchen"]
[Black "Robson,R"]
[Result "1/2-1/2"]
[WhiteElo "2464"]
[BlackElo "2522"]

1.d4 d5 2.c4 e6 3.Nc3 c6 4.Nf3 Nf6 5.e3 Nbd7 6.Qc2 Bd6 7.Bd3 O-O 8.b3 e5
9.cxd5 cxd5 10.Nb5 Bb4+ 11.Bd2 Bxd2+ 12.Nxd2 a6 13.dxe5 Nxe5 14.Nd4 Bg4 15.Bf5 Bxf5
16.Qxf5 Re8 17.O-O g6 18.Qb1 Rc8 19.h3 Qd6 20.N2f3 Ne4 21.Nxe5 Qxe5 22.Qb2 Rc7  1/2-1/2

[Event "UT Dallas GM Invitational"]
[Site "Richardson USA"]
[Date "2011.03.17"]
[Round "9"]
[White "Iotov,V"]
[Black "Zivanic,M"]
[Result "1-0"]
[WhiteElo "2574"]
[BlackElo "2497"]

1.d4 d5 2.Nf3 Nf6 3.c4 c6 4.Nc3 e6 5.e3 Nbd7 6.Bd3 dxc4 7.Bxc4 b5 8.Bd3 a6
9.a4 b4 10.Ne4 c5 11.dxc5 Nxc5 12.Nxc5 Bxc5 13.b3 Bb7 14.Bb2 O-O 15.O-O Qd5
16.Qe2 Rfd8 17.Rfd1 Qh5 18.Rac1 Bb6 19.h3 Nd5 20.Rc4 f5 21.Rh4 Qf7 22.Ne5 Qf6
23.Qh5 h6 24.Nc4 Qe7 25.Nxb6 Nxb6 26.Qg6 Nd7 27.Rxh6 Nf8 28.Qg3 Be4 29.Bf6 Qf7
30.Bxd8 Rxd8 31.Be2 Rxd1+ 32.Bxd1 Qd7 33.Be2 Bd3 34.Bxd3 Qxd3 35.Rh4 Qxb3
36.Qb8 a5 37.Rd4 Qc3 38.Rd8 Qc5 39.Rc8 Qe7 40.Qb5 Kf7 41.Qxa5  1-0

[Event "ch-PriFO A"]
[Site "Tolyatti RUS"]
[Date "2011.03.17"]
[Round "8.7"]
[White "Sanzhaev,D"]
[Black "Shinkevich,V"]
[Result "1-0"]
[WhiteElo "2170"]
[BlackElo "2520"]

1.d4 d5 2.c4 e6 3.Nc3 c6 4.e3 Nf6 5.Nf3 Nbd7 6.Bd3 dxc4 7.Bxc4 b5 8.Bd3 a6
9.a4 b4 10.Ne4 c5 11.Nxf6+ gxf6 12.O-O Bb7 13.Qe2 Bd6 14.Rd1 Rg8 15.dxc5 Nxc5
16.e4 Qc7 17.Be3 Nxd3 18.Qxd3 Rd8 19.Rac1 Bxh2+ 20.Nxh2 Rxd3 21.Rxd3 Qa5
22.f3 f5 23.Rc5 Qxa4 24.exf5 Qa1+ 25.Bc1 Rg5 26.g4 f6 27.f4 Rg7 28.fxe6 h5
29.g5 Qb1 30.Rd4 f5 31.Nf1 Re7 32.Ne3 Rxe6 33.Nxf5 Kf8 34.Kf2 h4 35.g6 Bc6
36.g7+ Kg8 37.Rd8+ Re8 38.Rd4 Be4 39.Nd6 Rd8 40.Rc7 Bd5 41.Rxd5 Qg6 42.Nf5 Qb6+
43.Rdc5 Re8 44.Rc6 Qd8 45.Rc8  1-0

[Event "ch-Southern FR Men"]
[Site "Armavir RUS"]
[Date "2011.03.18"]
[Round "7"]
[White "Kryakvin,D"]
[Black "Papin,V"]
[Result "1/2-1/2"]
[WhiteElo "2573"]
[BlackElo "2569"]

1.d4 d5 2.c4 c6 3.Nf3 Nf6 4.Nc3 e6 5.e3 Nbd7 6.Qc2 Bd6 7.Bd3 O-O 8.O-O dxc4
9.Bxc4 b5 10.Bd3 Bb7 11.a3 a5 12.Bd2 Rc8 13.Ng5 h6 14.Nge4 Be7 15.Nxf6+ Nxf6
16.Ne4 c5 17.Nxf6+ Bxf6 18.dxc5 Bxb2 19.Bh7+ Kh8 20.Qxb2 Kxh7 21.Rac1 Bc6
22.f3 Qc7 23.Bc3 f6 24.Rfd1 Rfd8 25.Rd6 Rxd6 26.cxd6 Qxd6 27.Bxa5 Kg8 28.Bb4 Qd3
29.Qd2 Qxd2 30.Bxd2 Bd7 31.Rxc8+ Bxc8 32.Kf2 Kf7 33.e4 e5 34.Ke3 Be6 35.h4 h5
36.f4 exf4+ 37.Kxf4 Bc4 38.e5 g6 39.exf6 Kxf6 40.g4 hxg4 41.Kxg4  1/2-1/2

[Event "e2e4 Uxbridge Open"]
[Site "Denham ENG"]
[Date "2011.03.18"]
[Round "1"]
[White "Williams,Pe"]
[Black "Jaszkiwskyj,P"]
[Result "1-0"]
[WhiteElo "2173"]
[BlackElo "2002"]

1.d4 d5 2.c4 c6 3.Nf3 Nf6 4.Nc3 e6 5.e3 Be7 6.Bd3 O-O 7.O-O dxc4 8.Bxc4 c5
9.d5 exd5 10.Nxd5 Nxd5 11.Bxd5 Nd7 12.Qc2 Nf6 13.Bc4 Qb6 14.b3 Be6 15.Bd3 h6
16.Bb2 Nd5 17.Bc4 Rfd8 18.Rfd1 Rac8 19.h3 a6 20.Qe4 Nc7 21.Bd3 f5 22.Qf4 Nd5
23.Qg3 Nf6 24.Rac1 g5 25.Nh4 f4 26.exf4 Nh5 27.Qf3 Nxf4 28.Qe4 Rxd3 29.Rxd3 Nxd3
30.Qg6+  1-0

[Event "ch-PriFO A"]
[Site "Tolyatti RUS"]
[Date "2011.03.18"]
[Round "9.25"]
[White "Mikheev,S"]
[Black "Palachev,P"]
[Result "1/2-1/2"]
[WhiteElo "2327"]
[BlackElo "2193"]

1.d4 d5 2.c4 c6 3.Nf3 Nf6 4.Nc3 e6 5.e3 Nbd7 6.Qc2 Bd6 7.b3 O-O 8.Be2 Qe7
9.O-O b6 10.Bb2 Bb7 11.Rad1 Rfd8 12.Rfe1 h6 13.e4 Nxe4 14.Nxe4 dxe4 15.Qxe4 Nf6
16.Qh4 Ba3 17.Ba1 Bb4 18.Rf1 c5 19.dxc5 Bxc5 20.Ne5 Ne4 21.Qxe7 Bxe7 22.Bf3 Rxd1
23.Rxd1 Rd8 24.Rxd8+ Bxd8 25.Bb2 Be7 26.Ba1 Bd8 27.Bb2 Bc7 28.Ba1 Bd8  1/2-1/2

[Event "1st Alpine Ski Open"]
[Site "Anzere SUI"]
[Date "2011.03.20"]
[Round "6.4"]
[White "Chatalbashev,B"]
[Black "Lampert,J"]
[Result "1-0"]
[WhiteElo "2602"]
[BlackElo "2130"]

1.c4 c6 2.Nf3 d5 3.e3 Nf6 4.Nc3 e6 5.d4 Nbd7 6.Bd3 dxc4 7.Bxc4 b5 8.Bd3 a6
9.e4 c5 10.e5 cxd4 11.Ne4 Nd5 12.O-O Be7 13.a4 b4 14.Re1 Bb7 15.Bg5 O-O 16.Nd6 Bxg5
17.Nxb7 Qe7 18.Be4 Bh6 19.Bxd5 exd5 20.Na5 Nc5 21.Nc6 Qb7 22.Ncxd4 g6 23.Nb3 Rac8
24.Nfd4 Rfe8 25.Nxc5 Rxc5 26.Qd3 Rc7 27.Rad1 Rce7 28.Nf3 Bg7 29.Qxd5 Qxd5
30.Rxd5 f6 31.Rd4 a5 32.Rde4 fxe5 33.Nd2 Kf7 34.Nc4 Re6 35.Nxa5 Bf8 36.Nc4 Kf6
37.b3 Bc5 38.Kf1 g5 39.g3 R8e7 40.Kg2 h6 41.h4 Kf5 42.g4+ Kf6 43.h5 Re8 44.Rd1 Bd4
45.Rd3 Kg7 46.Ne3 Bc5 47.Rd7+ Kg8 48.Nf5 Ra8 49.Rc4 Ra7 50.Rxa7 Bxa7 51.Rc8+  1-0

[Event "Kiev Spring 2011"]
[Site "Kiev UKR"]
[Date "2011.03.20"]
[Round "3.7"]
[White "Melnichenko,A"]
[Black "Zhak,B"]
[Result "1-0"]
[WhiteElo "2282"]
[BlackElo "2003"]

1.d4 d5 2.c4 c6 3.Nc3 Nf6 4.Nf3 e6 5.e3 Be7 6.Bd3 O-O 7.O-O Nbd7 8.e4 dxe4
9.Nxe4 c5 10.Nxc5 Nxc5 11.dxc5 Bxc5 12.Bg5 h6 13.Bh4 b6 14.Ne5 g5 15.Bg3 Bb7
16.Qe2 Qe7 17.Kh1 Nd7 18.f4 Nxe5 19.fxe5 f5 20.exf6 Rxf6 21.Rxf6 Qxf6 22.Rf1 Qe7
23.Qh5 Bd4 24.Qg6+ Qg7 25.Qxe6+ Kh8 26.Rf7  1-0

[Event "Kiev Spring 2011"]
[Site "Kiev UKR"]
[Date "2011.03.20"]
[Round "3.21"]
[White "Pitkanen,Ju"]
[Black "Motsar,Irina"]
[Result "0-1"]
[WhiteElo "1735"]
[BlackElo "2093"]

1.d4 d5 2.c4 c6 3.Nc3 Nf6 4.Nf3 e6 5.e3 Nbd7 6.Qc2 Bd6 7.g4 h6 8.Rg1 a6 9.Bd2 b5
10.c5 Bc7 11.g5 hxg5 12.Rxg5 Kf8 13.h4 b4 14.Ne2 Ne4 15.Rg2 a5 16.Nc1 Qf6
17.Be2 e5 18.Nd3 Nxd2 19.Nxd2 e4 20.Nc1 Rxh4 21.Bf1 Rh1 22.Ne2 Ba6 23.Ng1 Rh2
24.Rxh2 Bxh2 25.Nh3 Qh4 26.Bxa6 Rxa6  0-1

[Event "ch-Moscow S/F 2011"]
[Site "Moscow RUS"]
[Date "2011.03.20"]
[Round "5"]
[White "Ulko,J"]
[Black "Tilicheev,V"]
[Result "0-1"]
[WhiteElo "2476"]
[BlackElo "2336"]

1.d4 Nf6 2.c4 e6 3.Nf3 d5 4.Nc3 c6 5.e3 Nbd7 6.Bd3 dxc4 7.Bxc4 b5 8.Bd3 Bd6
9.O-O O-O 10.e4 e5 11.h3 Bb7 12.Be3 a6 13.Rc1 Rc8 14.a4 Re8 15.Bb1 Bb8 16.Qb3 exd4
17.Bxd4 c5 18.Be3 c4 19.Qb4 Ne5 20.Rfd1 Nd3 21.Bxd3 Bd6 22.Bxc4 Bxb4 23.Rxd8 Rexd8
24.Bb3 bxa4 25.Bxa4 Nxe4 26.Rb1 Bxc3 27.bxc3 Bc6 28.Bxc6 Rxc6 29.Rb7 Rxc3
30.Ra7 Rc6 31.Nd4 Rcd6 32.Nf5 Rd1+ 33.Kh2 Nd2 34.Ne7+ Kh8 35.Bb6 Nf1+ 36.Kg1 Nd2+
37.Kh2 Re8 38.g4 Nf3+ 39.Kg3 Ne5 40.Nf5 Rd3+ 41.Kg2 Rd7 42.Rxa6 g6 43.Ng3 Rd6
44.Ne4 Rde6 45.Ng5 Rf6 46.Ne4 Rc6 47.f4 Rc2+ 48.Kg3 Nd7 49.Nd6 Rf8 50.Bd4+ Kg8
51.Ne4 Re8 52.Kf3 Rc7 53.g5 Kf8 54.Nd6 Rd8 55.Ne4 Nb8 56.Ra4 Nd7 57.Ra5 Rc4
58.Bb2 Rb8 59.Ba3+ Kg8 60.Bd6 Rb3+ 61.Kg4 h5+ 62.gxh6 Rxe4  0-1

[Event "TCh-SUI 2011"]
[Site "Switzerland SUI"]
[Date "2011.03.20"]
[Round "2.6"]
[White "Weindl,A"]
[Black "Rosenthal,Jon"]
[Result "1/2-1/2"]
[WhiteElo "2377"]
[BlackElo "2335"]

1.c4 e6 2.Nc3 d5 3.d4 c6 4.e3 Nf6 5.Nf3 Nbd7 6.Qc2 Bd6 7.Bd3 O-O 8.O-O dxc4
9.Bxc4 b5 10.Be2 Bb7 11.Rd1 Qb8 12.Ne4 Nxe4 13.Qxe4 Rd8 14.Qh4 c5 15.Bd2 cxd4
16.Nxd4 a6 17.Ba5 Rc8 18.Nf3 Ne5 19.Nxe5 Bxe5 20.Bd3 g6 21.Rab1 Bd5 22.b3 Kg7
23.Be4 Bf6 24.Qg4 Bxe4 25.Qxe4 Qe5 26.Qxe5 Bxe5 27.Rbc1 Bb2 28.Rxc8 Rxc8
29.Kf1 Rc2 30.Rd2 Rxd2 31.Bxd2 Kf8 32.Bb4+ Ke8 33.a4 Kd7 34.axb5 axb5 35.Ke2 Be5
36.h3 Kc6 37.Kd3 f5 38.e4 Bf4 39.f3 Be5 40.Ba3 Bf4 41.Kd4 Bc7 42.g4 Bf4 43.exf5 exf5
44.gxf5 gxf5 45.Bb4 Bc7 46.Bf8  1/2-1/2

[Event "Caissa GM March 2011"]
[Site "Kecskemet HUN"]
[Date "2011.03.21"]
[Round "4.4"]
[White "Sarosi,Z"]
[Black "Mihok,O"]
[Result "1/2-1/2"]
[WhiteElo "2313"]
[BlackElo "2462"]

1.d4 d5 2.c4 e6 3.Nf3 Nf6 4.Nc3 c6 5.e3 Nbd7 6.b3 Bb4 7.Bd2 Qe7 8.Be2 O-O
9.O-O b6 10.Qc2 Bb7 11.Qb2 Rac8 12.a3 Bd6 13.b4 dxc4 14.Bxc4 e5 15.Be2 e4
16.Ne1 Nd5 17.g3 N7f6 18.Ng2 Nxc3 19.Qxc3 c5 20.bxc5 bxc5 21.Qa5 Nd5 22.Rfc1 cxd4
23.exd4 Rxc1+ 24.Rxc1 Bxa3 25.Rb1 Ba8 26.Ne3 Nxe3 27.Bxe3 Bd6 28.d5 f5 29.Qxa7 Bxd5
30.Qd4 Ba2 31.Rb6 Be5 32.Qa4 Bf7 33.Qb5 Rc8 34.Rb7 Qe8 35.Qb4 Rb8 36.Rxb8 Qxb8
37.Qc5 Qc7 38.Qb4 h6 39.Kg2 g5 40.Bb6 Qc6 41.Qc5 Qxc5 42.Bxc5 f4 43.Bb5 Bd5
44.Kf1 Kf7 45.Ke2 h5 46.Bb6 Ke7 47.Kf1 h4 48.gxh4 g4 49.h5 Be6 50.Bc6 Bf5
51.Kg1 Kf7 52.Bc5 Kf6 53.Be8 Kg5 54.Be7+ Bf6 55.Bc5 Bh7 56.Bf7 Bf5 57.Be8 Kh6
58.Bf8+ Kh7 59.Bc5 Bh4 60.Bd4 Bg5 61.Bb5 Kh6 62.Be8 e3 63.fxe3 fxe3 64.Bg6 Bxg6
65.hxg6 Kxg6 66.h3 g3 67.Kg2 e2 68.Bc3 Bf4 69.Kf3 Be5 70.Be1 Kf5 71.Bxg3 Bxg3
72.Kxe2  1/2-1/2

[Event "Kiev Spring 2011"]
[Site "Kiev UKR"]
[Date "2011.03.21"]
[Round "4.10"]
[White "Kravchenko,L"]
[Black "Anatskiy,A"]
[Result "1-0"]
[WhiteElo "2213"]
[BlackElo "2003"]

1.d4 d5 2.c4 c6 3.Nc3 e6 4.e3 Nf6 5.Nf3 Be7 6.Bd3 b6 7.e4 dxe4 8.Nxe4 Bb7
9.O-O O-O 10.Qc2 Nbd7 11.Nxf6+ Nxf6 12.c5 g6 13.Bg5 Nd5 14.Bxe7 Qxe7 15.a3 bxc5
16.dxc5 a5 17.Rfe1 Ba6 18.Bxa6 Rxa6 19.Qc4 Qb7 20.Ne5 Rb8 21.h4 Qb5 22.Qe4 Rb7
23.Rac1 a4 24.h5 Nf6 25.Qh4 Nxh5 26.Qd8+ Kg7 27.Nd7 Rxd7 28.Qxd7 Qxb2 29.Rb1 Qc3
30.Qb7 Ra5 31.Qxc6 Rxc5 32.Qxa4 Ra5 33.Re3 Qxe3 34.Qxa5 Qe4 35.Qb4 Qf5 36.a4 Nf4
37.Qc3+ e5 38.Re1 f6 39.a5 Nd3 40.Re2 Nf4 41.Rb2 Nd3 42.Rb7+ Kh6 43.Qd2+ g5
44.a6 Qe4 45.Qe3 Qd5 46.Qh3+  1-0

[Event "ch-VIE Women"]
[Site "Da Lat VIE"]
[Date "2011.03.22"]
[Round "4.1"]
[White "Nguyen Thi Thanh An"]
[Black "Hoang Thi Bao Tram"]
[Result "1/2-1/2"]
[WhiteElo "2349"]
[BlackElo "2311"]

1.Nf3 Nf6 2.c4 c6 3.Nc3 d5 4.e3 e6 5.d4 Nbd7 6.Bd3 Be7 7.O-O O-O 8.b3 b6
9.Bb2 Bb7 10.Qe2 c5 11.cxd5 exd5 12.Ba6 Bc6 13.Rfd1 Bd6 14.Rac1 Nb8 15.Bb5 Bb7
16.dxc5 bxc5 17.Na4 a6 18.Bd3 Nbd7 19.Bf5 Qe7 20.Qc2 d4 21.exd4 Bxf3 22.Re1 Qd8
23.gxf3 cxd4 24.Bxd4 Qa5 25.Bc3 Qc7 26.Bxf6 Qxc2 27.Rxc2 Nxf6 28.Rc6 Bb4
29.Rd1 a5 30.Nb6 Rab8 31.Nd7 Nxd7 32.Rxd7 Rbd8 33.Rcc7 Rxd7 34.Rxd7 g6 35.Bd3 Re8
36.Bc4 Re7 37.Rd5 Kg7 38.a3 Bxa3 39.Rxa5 Bb4 40.Ra4 Bc3 41.b4 Re1+ 42.Kg2 Ra1
43.Rxa1 Bxa1 44.f4 f5 45.Kf3 Bd4 46.b5 Kf6 47.h3 h6 48.Bd5 Bb6 49.Ke2 Bc7
50.Kf3 Bb6 51.Bc6 Bc7 52.Be8 Bb6 53.Ke2 Bc7 54.Kd3 Bb6 55.f3 Bc7 56.Kd4 Bxf4
57.b6 Bb8 58.Kd5 Kg5 59.Ke6 h5 60.b7 h4 61.Kf7 Kf4 62.Kxg6 Kxf3 63.Kxf5 Kg3  1/2-1/2